<?xml version="1.0" encoding="UTF-8"?>
<marc:record xmlns:marc="http://www.loc.gov/MARC21/slim">
   <marc:leader>00000nam a2200000 a 4500</marc:leader>
   <marc:datafield ind1="1" ind2=" " tag="100">
      <marc:subfield code="a">Büchle, Elisabeth</marc:subfield>
      <marc:subfield code="4">aut</marc:subfield>
      <marc:subfield code="e">Verfasser/-in</marc:subfield>
   </marc:datafield>
   <marc:datafield ind1=" " ind2=" " tag="653">
      <marc:subfield code="a">Softcover / Belletristik/Erzählende Literatur</marc:subfield>
   </marc:datafield>
   <marc:datafield ind1=" " ind2=" " tag="653">
      <marc:subfield code="a">Erzählende Literatur</marc:subfield>
   </marc:datafield>
   <marc:datafield ind1="0" ind2="0" tag="245">
      <marc:subfield code="a">Unter dem Polarlicht</marc:subfield>
   </marc:datafield>
   <marc:datafield ind1="0" ind2="0" tag="245">
      <marc:subfield code="b">Roman</marc:subfield>
   </marc:datafield>
   <marc:datafield ind1="0" ind2="0" tag="245">
      <marc:subfield code="c">Elisabeth Büchle</marc:subfield>
   </marc:datafield>
   <marc:datafield ind1=" " ind2="1" tag="264">
      <marc:subfield code="a">Asslar</marc:subfield>
      <marc:subfield code="b">GerthMedien</marc:subfield>
      <marc:subfield code="c">2015</marc:subfield>
   </marc:datafield>
   <marc:datafield ind1=" " ind2=" " tag="250">
      <marc:subfield code="a">1. Aufl.</marc:subfield>
   </marc:datafield>
   <marc:datafield ind1="1" ind2=" " tag="520">
      <marc:subfield code="a">Angaben aus der Verlagsmeldung

Unter dem Polarlicht : Roman. / von Elisabeth Büchle

Chiara verliert ausgerechnet zu Beginn der Adventszeit ihren Job. Entsprechend froh ist sie über den Auftrag, für einen berühmten Autor, der sich beide Hände gebrochen hat, sein neuestes Manuskript zu tippen. Hals über Kopf reist sie in die kanadischen Rocky Mountains, wo Florian Forster in einer einsamen Berghütte lebt. Dieser entpuppt sich als wortkarger Eigenbrötler. Die lebenslustige Chiara lässt sich durch seine schroffe Art nicht beeindrucken, sondern fordert ihn heraus, sich dem Leben zu stellen. Bald ist sie nicht nur von den Polarlichtern, der verschneiten Märchenlandschaft und dem Geheimnis der weißroten Zuckerstangen verzaubert ... Doch dann stoßen Chiaras Freunde aus Deutschland auf ein dunkles Geheimnis aus Florians Vergangenheit. Schwebt Chiara etwa in großer Gefahr?
</marc:subfield>
   </marc:datafield>
   <marc:datafield ind1=" " ind2=" " tag="020">
      <marc:subfield code="a">9783957340788</marc:subfield>
      <marc:subfield code="9">9783957340788</marc:subfield>
   </marc:datafield>
   <marc:datafield ind1=" " ind2=" " tag="020">
      <marc:subfield code="a">3957340780</marc:subfield>
      <marc:subfield code="9">3957340780</marc:subfield>
   </marc:datafield>
   <marc:datafield ind1=" " ind2=" " tag="041">
      <marc:subfield code="a">ger</marc:subfield>
   </marc:datafield>
   <marc:datafield ind1=" " ind2=" " tag="300">
      <marc:subfield code="a">207 S.</marc:subfield>
   </marc:datafield>
</marc:record>
